000 00954nam a2200301Ia 4500
001 Z_607
003 CHAP
008 220113s1984 xx 000 0 und d
010 _a163718
040 _cCHAP
090 _aTesis R 281
100 _aRamos Trejo, Olivier Santiago
_994509
245 _aUso de estimulantes del crecimiento de ganado de engorda en el Edo. de Yucatán /
_cOlivier Santiago Ramos Trejo
260 _aChapingo, Méx. :
_bEl autor,
_c1984
300 _a41 h.; gráfs.
502 _aTesis (Ing. Agrónomo Esp. en Zootecnia) -- UACH. Departamento de Zootcnia
650 _aGanado vacuno
_xCrecimiento
_945450
650 _aGanado vacuno
_xEngorda
_945461
650 _aGanado vacuno
_xProducción
_945506
650 _aGanado vacuno
_xYucatán
_945525
650 _aHormonas
_xEfecto en animales domésticos
_956236
901 _aTESIS R 281
902 _aM
910 _a1984
942 _c2
942 _c2
999 _c163718
_d163718